| 000 | 00000nam 2200000za 4500 |
| 001 | 9.840356 |
| 003 | CaOODSP |
| 005 | 20221107151825 |
| 007 | cr ||||||||||| |
| 008 | 170726s1951 onc #ol f000 0 eng d |
| 040 | |aCaOODSP|beng |
| 043 | |an-cn--- |
| 086 | 1 |aR5-338/1951E-PDF |
| 245 | 00|aFirst draft of Indian Bill |h[electronic resource] : |b(draft of the Indian Bill known as the Joint Committee Draft with corresponding sections in Indian Bill 267 shown in marginal cross references). |
| 246 | 10|aDraft of the Indian Bill known as the Joint Committee Draft with corresponding sections in Indian Bill 267 shown in marginal cross references |
| 260 | |a[Ottawa?] : |bDepartment of Citizenship and Immigration, |c[1951?]. |
| 300 | |a80 p. |
| 500 | |aTitle from cover. |
| 500 | |aDigitized edition from print [produced by Indigenous and Northern Affairs Canada]. |
| 520 | |a"This Act may be cited as "The Indian Act"."--p. [1]. |
| 692 | 07|2gccst|aIndians |
| 692 | 07|2gccst|aLegislation |
| 710 | 1 |aCanada. |bCitizenship and Immigration Canada. |
| 856 | 40|qPDF|s5.59 MB|uhttps://publications.gc.ca/collections/collection_2017/aanc-inac/R5-338-1951-eng.pdf |